| 000 | 01007cab a22002055a 4500 | ||
|---|---|---|---|
| 001 | L137463 | ||
| 008 | 070410s2007 xxk f 000 0 eng d | ||
| 035 | _a(Sirsi) u137463 | ||
| 041 | 0 | _aeng | |
| 100 | 1 | _aHackett, Paul | |
| 245 | 0 | 0 |
_aRegulating planning _bOfplan |
| 260 | _c2007 | ||
| 490 | _aTown and Country Planning Tomorrow Series | ||
| 520 | _aA supplement in Town and Country Planning 76(3) March 2007. Argues that planning is at the heart of sustainable development and needs a stronger foundation to safeguard its integrity. In place of ad hoc changes the entire planning regime should be placed in a stable and regulatory framework, similar to that in place for other regulated services. Recommends that the forthcoming planning White Paper should consider proposals for an England-wide Office of Planning. | ||
| 590 | _aKA NTK | ||
| 651 | 4 |
_aEngland _y886- |
|
| 690 | _aENVIRONMENTAL AND LAND CONSULTANCY-PLANNING AND DEVELOPMENT-PLANNING REFORM | ||
| 700 | 1 | _aLock, David | |
| 942 | _n0 | ||
| 999 |
_c78614 _d78614 |
||